[Event "British Universities-ch"]
[Site "Chess.com INT"]
[Date "2022.03.05"]
[Round "2.2"]
[White "Jamieson, Louis"]
[Black "Bilgic, Selim"]
[Result "1-0"]
[WhiteElo "1833"]
[BlackElo "1596"]
[PlyCount "31"]
[EventDate "2022.03.05"]
[EventType "swiss"]
[EventRounds "9"]
[EventCountry "ENG"]
[SourceTitle "EXT 2023"]
[Source "ChessBase"]
[SourceDate "2022.10.05"]
[SourceVersion "1"]
[SourceVersionDate "2022.10.05"]
[SourceQuality "1"]
[WhiteTeam "Cardiff"]
[BlackTeam "Exeter"]
[WhiteTeamCountry "WLS"]
[BlackTeamCountry "ENG"]

1. d4 Nf6 2. Bf4 d5 3. Nf3 c5 4. e3 Nc6 5. Nbd2 Bf5 6. c3 e6 7. Qa4 Bd6 8. Ba6 Bxf4 9. Bxb7 0-0 10. exf4 Ne7 11. Bxa8 Qxa8 12. 0-0 cxd4 13. Nxd4 Qb8 14. Nxf5 Nxf5 15. Rab1 Qxf4 16. Qxf4 1-0